<?xml version="1.0" encoding="UTF-8"?>
<collection xmlns="http://www.loc.gov/MARC21/slim">
 <record>
  <leader>01811nam a2200217Ia 4500</leader>
  <controlfield tag="001">CTU_164693</controlfield>
  <controlfield tag="008">210402s9999    xx            000 0 und d</controlfield>
  <datafield tag="020" ind1=" " ind2=" ">
   <subfield code="c">18.21</subfield>
  </datafield>
  <datafield tag="082" ind1=" " ind2=" ">
   <subfield code="a">201.65</subfield>
  </datafield>
  <datafield tag="082" ind1=" " ind2=" ">
   <subfield code="b">C755</subfield>
  </datafield>
  <datafield tag="100" ind1=" " ind2=" ">
   <subfield code="a">Consolmagno, Guy</subfield>
  </datafield>
  <datafield tag="245" ind1=" " ind2="0">
   <subfield code="a">God’s mechanics :</subfield>
  </datafield>
  <datafield tag="245" ind1=" " ind2="0">
   <subfield code="b">how scientists and engineers make sense of religion</subfield>
  </datafield>
  <datafield tag="245" ind1=" " ind2="0">
   <subfield code="c">Guy Consolmagno</subfield>
  </datafield>
  <datafield tag="260" ind1=" " ind2=" ">
   <subfield code="a">San Francisco</subfield>
  </datafield>
  <datafield tag="260" ind1=" " ind2=" ">
   <subfield code="b">Jossey-Bass</subfield>
  </datafield>
  <datafield tag="260" ind1=" " ind2=" ">
   <subfield code="c">2008</subfield>
  </datafield>
  <datafield tag="520" ind1=" " ind2=" ">
   <subfield code="a">Starred Review. Sidestepping the acrimony of recent science vs. religion debates, Consolmagno, a Vatican astronomer and self-described &quot;techie,&quot; intends that &quot;demonstrating the existence of a lot of people like me, who flourish as scientists while practicing a religion, should be proof enough that science and religion can be perfectly compatible.&quot; Combining personal memoir with conversations within the techie world, Consolmagno describes questions about the universe and the meaning of life that attract techies into religious belief and practice, concluding that &quot;techies are not looking for proof. They’re looking for confidence.&quot; When he tests his initial hypotheses with a survey project, Consolmagno finds that for many religiously-involved techie types, the value of community and moral support may actually be more important than the search for religious answers. As one atheist interviewee puts it, &quot;You think you are selling truth, but your audience has already brought their own truth with them to church. All you are selling them is tech support.&quot; Is this all there is to religion? Certainly not for Brother Guy, who defends a specifically Christian and Catholic version of religious truth.</subfield>
  </datafield>
  <datafield tag="650" ind1=" " ind2=" ">
   <subfield code="a">Religion and science,Khoa học và tôn giáo</subfield>
  </datafield>
  <datafield tag="904" ind1=" " ind2=" ">
   <subfield code="i">Năm</subfield>
  </datafield>
  <datafield tag="980" ind1=" " ind2=" ">
   <subfield code="a">Trung tâm Học liệu Trường Đại học Cần Thơ</subfield>
  </datafield>
 </record>
</collection>
